000 03899nam a2200373 i 4500
001 768714001
003 CO-MdFUSB
005 20230120075539.0
007 ta
008 720731t1971 gw 000 0 ger u
010 _a72888338
020 _a[No incluye ISBN]
040 _cCO-MdFUSB
_dCUF
_dCO-MdFUSB
_dUtOrBLW
_aCO-MdFUSB
_bspa
_erda
041 _ager
082 _223
_a225.95
_bL833
100 1 _aLohse, Eduard,
_d1924-2015.
_eautor
245 1 0 _aUmwelt des Neuen Testaments
_c/ Eduard Lohse
264 1 _aGöttingen :
_bVandenhoeck u. Ruprecht,
_c[1971]
264 1 _c© 1971
300 _a224 páginas :
_bmapas ;
_c24 cm.
336 _atexto
_btxt
_2rdacontent.
337 _asin mediación
_bn
_2rdamedia.
338 _avolumen
_bnc
_2rdacarrier.
490 1 _aGrundrisse zum Neuen Testament, Bd. 1.
504 _aIncluye referencias bibliográficas págians (207-213)
505 _aParte I: judaísmo en el período del Nuevo Testamento; Capítulo 1: La historia política del judaísmo en el período helenístico; 1. Palestina bajo el dominio persa; 2. Palestina bajo Alejandro d. Tamaño y el gobierno de Egipto. 3. Palestina bajo el gobierno de Siria y la lucha macabea por la libertad; 4. La realeza asmonea; 5. Palestina bajo el dominio de los romanos; 6. La guerra judía y el levantamiento bajo Bar Kochba. Capítulo 2: Movimientos religiosos y tendencias espirituales en el judaísmo en la época del Nuevo Testamento) Apocalíptico; 1. La estructura básica del apocalíptico; 2. La literatura apocalíptica; b) grupos y comunidades en el judaísmo palestino; 1. Los saduceos; 2. Los fariseos; 3. Los zelotes; 4. Los esenios; 5) Los terapeutas; 6. La comunidad de Qumran; 7. Los escribas; c) judaísmo en la diáspora; 1. La diáspora judía en el mundo helenístico; 2. La Septuaginta; 3. Filón de Alejandría; 4. Josefo. Capítulo 3: Vida y fe judías en el período del Nuevo Testamento 1. Las condiciones sociales de los judíos en Palestina y en la diáspora; 2. El culto del templo en Jerusalén; 3. Las fiestas; 4. La sinagoga; 5. Escritura, ley y tradición; 6. Dios y el hombre; 7. Futura salvación; Parte II: El entorno helenístico-romano del Nuevo Testamento; CAPÍTULO I. Política y sociedad en el imperio romano en el siglo I d. C. 1. El Imperio Romano bajo el gobierno de los Césares; 2. Las condiciones sociales en el Imperio Romano en el siglo I d. 3. El culto imperial. Capítulo 2: Movimientos religiosos y corrientes intelectuales en el mundo helenístico-romano en la época del Nuevo Testamento 1. Los dioses de los griegos y romanos; 2. creencia popular y destino; 3. Las religiones misteriosas; 4. Filosofía popular; Capítulo 3: La Gnosis; 1. La estructura básica de la gnosis; 2. El Corpus Hermeticum como testimonio de la gnosis precristiana. . 3. La difusión de la gnosis en el siglo I d. C. Conclusión; Bibliografía Línea de tiempo; Registrarse a) registro de nombre; b) índice de materia; c) Registro de oficinas del Nuevo Testamento; Tabla de contenidos. La estructura básica de la Gnosis; 2. El Corpus Hermeticum como testimonio de la gnosis precristiana. . 3. La difusión de la gnosis en el siglo I d. C. Conclusión; Bibliografía Línea de tiempo; Registrarse a) registro de nombre; b) índice de materia; c) Registro de oficinas del Nuevo Testamento; Tabla de contenidos. La estructura básica de la Gnosis; 2. El Corpus Hermeticum como testimonio de la gnosis precristiana. . 3. La difusión de la gnosis en el siglo I d. C. Conclusión; Bibliografía Línea de tiempo; Registrarse a) registro de nombre; b) índice de materia; c) Registro de oficinas del Nuevo Testamento; Tabla de contenidos.
563 _aRústico
630 0 7 _aBiblia.
_pNuevo Testamento
830 0 _aGrundrisse zum Neuen Testament ;
_vBd. 1.
942 _cBK
945 _aJTF-925
999 _c65795
_d65795